000 00290nam a22001337a 4500
008 170607b xxu||||| |||| 00| 0 eng d
020 _a9780618493197
041 _aeng
080 _a327
100 _a18
101 _aSHP
245 _aCOMPARATIVE POLITICS
_cBOSIA.M.J
942 _2udc
_cBK
999 _c16246
_d16246